000 00417nam a2200145Ia 4500
008 211109s9999||||xx |||||||||||||| ||und||
082 _a726.2095
_bDES-M
100 _aDesai, Ziyaud Din A
245 0 _aMOSQUES OF INDIA
260 _bMib
_aINDIA
_c2009
300 _a10p.
630 _xReference reading room
650 _aMosques
_vIndia
_xIslamic architectureBuildings for religious purposesGeneralia
942 _cBOOK
999 _c93647
_d93647